000 00633nam a2200253Ia 4500
005 20260123170732.0
008 008 260114s9999 xx 000 0 eng d
020 _a9780301063737
037 _aEBOOK
040 _aCRL
040 _beng
040 _cCRL
041 _2eng
041 _aeng
084 _qCRL
100 _aSharankumar Limbale
_91107043
245 4 _aThe Dalit Brahmin and Other Stories
260 _bOrient Blackswan
260 _c2018
856 _uhttps://ebooks.orientblackswandigital.com/product/dalit-brahmin-other-stories
942 _cEBOOK
999 _c1672154
_d1672154